| 000 | 01601cpcaa2200361 a 4500 | ||
|---|---|---|---|
| 001 | mm 96083899 | ||
| 003 | DLC | ||
| 005 | 20260227111725.0 | ||
| 007 | cr ||||||||||| | ||
| 008 | 961023|||||||||||| eng | ||
| 010 | _amm 96083899 | ||
| 040 |
_aDLC _cDLC _edacs _dDLC |
||
| 072 | 7 |
_aW _2lcmd |
|
| 100 | 1 | _aFrost, Rufus S. | |
| 245 | 0 | 0 |
_aRufus S. Frost papers, _f1841-1883 _g(bulk 1860-1880). |
| 300 |
_a250 _fitems. |
||
| 300 |
_a1 _fcontainer. |
||
| 300 |
_a0.4 _flinear feet. |
||
| 506 | 0 | _aOpen to research. | |
| 520 | 8 | _aChiefly correspondence pertaining to family and personal matters, social occasions, and church activities. Also includes school essays, financial papers, and family papers. | |
| 545 | 0 | _aMerchant, public official, and U.S. representative from Massachusetts. Full name: Rufus Smith Frost. Born 1826; died 1894. | |
| 555 | 8 |
_aFinding aid available in the Library of Congress Manuscript Reading Room and at _uhttp://hdl.loc.gov/loc.mss/eadmss.ms009293 |
|
| 546 | _aCollection material in English. | ||
| 600 | 3 | 0 | _aFrost family. |
| 651 | 0 |
_aMassachusetts _xSocial life and customs. |
|
| 656 | 7 |
_aMerchants. _2itoamc |
|
| 656 | 7 |
_aPublic officials _zMassachusetts. _2itoamc |
|
| 656 | 7 |
_aRepresentatives, U.S. Congress _zMassachusetts. _2itoamc |
|
| 856 | 4 |
_3Finding aid _uhttp://hdl.loc.gov/loc.mss/eadmss.ms009293 |
|
| 856 | 4 |
_3Finding aid (PDF) _uhttp://hdl.loc.gov/loc.mss/eadmss.ms009293.3 |
|
| 999 |
_c44393 _d44393 |
||